000 00664nam a2200253Ia 4500
003 OSt
005 20221005092824.0
006 a|||||r|||| 00| 0
007 ta
008 221004b |||||||| |||| 00| 0 eng d
024 _a67607
037 _cTextual
040 _aCRL
_cCRL
_beng
041 _2eng
_aeng
082 _aX9D-S.1, M4
100 _aGhertman Michel
245 0 _aIntroduction to the multinationals
260 _aNew York
_bSt Martin's
_c1984
300 _a143p.
_ccm.
650 _aECONOMICS
700 _a Allen Margaret
942 _hX9D-S.1, M4
_cTEXL
_2cc
999 _c999411
_d999411